000 00714nam a22002777a 4500
001 BR0101564
003 BR-BrBNA
005 20230928100825.0
007 ta
008 230509b bl.||||| |||| 00| 0 por d
040 _aBR-BrBNA
_bpor
_cBiblioteca Nacional de Agricultura
041 _a(Por)
072 _aF03; F01
_b3575
090 _ 3575 BR0101564
100 1 _aDavid, D.V.
100 1 _aAlmeida, F.A. de
100 1 _aPereira Neto, M.
245 1 _aA producao de sementes no Brasil; periodo: 1989 a 1995, v.1
260 3 _aBrasilia, DF (Brasil):
_c1996.
300 _avp.
650 _aSemente
650 _aProducao
650 _aSafra
909 _a202309
_bLucia
_c55
_dLucia Elande
942 _cBK
999 _c62981
_d62981